Регионална библиотека "Любен Каравелов" - Русе

Sonata in re maggiore op. 58 per violoncello e pianoforte [аудио CD] | Sonata in si bemolle maggiore op. 45 per violoncello e pianoforte | Lied ohne Worte in re maggiore op. 109 per violoncello e pianoforte | Variations concertantes in re maggiore op. 17 per violoncello e pianoforte (Запис номер 221003)

MARC детайли
000 -Лидер
Контролно поле с фиксирана дължина 01057njm a2200301 c 4500
003 - Код на организацията, давaща контролен номер
Контролно поле BLK
005 - Дата и час на последна редакция
Контролно поле 20241022130024.0
008 - Елементи от данни с фиксирана дължина
fixed length control field 180410b bul||n||s|||||||| n|bulo|
010 ## - Наследен системен номер
LC control number CDD00003489000
040 ## - Източник на каталожния запис
Идентификатор на билиотеката - собственик на записа BLK
041 ## - Код за език
Код за езика на текст/звукозапис или на отделно заглавие Български
Код за езика КДБФ Други
100 1# - Редна дума - Автор
Автор Mendelssohn-Bartoldy, Felix
Авторска отговорност първи автор
R(LIN) 18406
139 ## - Редно поле
Редна дума Mendelssohn-Bartoldy, Felix
Авторски знак Men - M 55
245 10 - Сведения за заглавието
Заглавие Sonata in re maggiore op. 58 per violoncello e pianoforte [аудио CD]
Редно поле (дума) Felix Mendelssohn-Bartoldy.
245 10 - Сведения за заглавието
Заглавие Sonata in si bemolle maggiore op. 45 per violoncello e pianoforte
245 10 - Сведения за заглавието
Заглавие Lied ohne Worte in re maggiore op. 109 per violoncello e pianoforte
245 10 - Сведения за заглавието
Заглавие Variations concertantes in re maggiore op. 17 per violoncello e pianoforte
257 ## - Страна на издаване
Страна на създаване/издаване България
260 ## - Област на издателските данни
-- Milano
Име на издателя, разпространителя и проч. сп. Amadeus
Година на издаване 2008
380 ## - Жанр
Жанр Изкуство
590 ## - Забележки на библиотеката, притежаваща документа (RLIN)
Служебно S.N: 89857 от КНИГИ
852 ## - Местоположение
Форматна сигнатура Цб CD 2175
Част 0
856 4# - Електронен адрес и достъп
Електронен формат pdf - файл
Път до файла /url/
856 4# - Електронен адрес и достъп
Електронен формат pdf - файл
Път до файла /url/
942 ## - АРТИКУЛИ
Вид на библиотечния материал Компактдискове
Скрит в OPAC Не
944 ## - СЪЗДАВАНЕ И РЕДАКЦИЯ на ЗАПИСА
Създаване/Редакция Създаване
Дата на регистрацията/редакция 11.06.2009
Служител, извършил регистрацията/редакцията 30560
Статус, дата на статуса Геновева Генчева
944 ## - СЪЗДАВАНЕ И РЕДАКЦИЯ на ЗАПИСА
Създаване/Редакция Редакция
Дата на регистрацията/редакция 11.06.2009
Служител, извършил регистрацията/редакцията
999 ## - СИСТЕМНИ КОНТРОЛНИ НОМЕРА
Koha biblionumber 221003
Koha biblioitemnumber 221003
Наличности
Код за отписване Код за изгубен артикул Източник на класификационната схема Код за повреда Коз за рестрикции Код за отдаване Артикулен № Име на библиотеката - собственик Име на библиотеката, в която се намира в момента Статус (Текущо местоположение) Дата на вписване в системата Местоположение - отдел Цена в лева Инвентарен номер Систематично азбучна сигнатура Баркод Номер на екземпляра Цена в евро Служебна бележка Служебен тип на артикула
  Не е изгубен Universal Decimal Classification Не е повреден без рестрикции заемане за дома 392871 Регионална библиотека "Любен Каравелов" Русе Регионална библиотека "Любен Каравелов" Русе Отдел Изкуство - подръчен фонд 2009-06-11 Отдел Изкуство - подръчен фонд 5.96 250000003779 78.082/M 55 250000003779 1 3.05 Дост: Pk Вид: Ф N: 422 Дата: 05.06.2009 Съставил: Валя_Йорданова Компактдискове
Vip Innovations Ltd, Rousse, Bulgaria 2025